000 00266nam a22001217a 4500
008 170504b xxu||||| |||| 00| 0 eng d
041 _aeng
080 _23 ED
_a347
100 _a13
101 _aSHJ
245 _aCIVILE PROCEDURE
_cSPENCER.A.B
942 _2udc
_cBK
999 _c12624
_d12624